Welcome to CU Library Online Public Access Catalogue (OPAC)

AFRICAN INDIGENOUS VEGETABLES; (Record no. 7796)

MARC details
000 -LEADER
fixed length control field 00424nam a22001457a 4500
005 - DATE AND TIME OF LATEST TRANSACTION
control field 20251015115415.0
008 - FIXED-LENGTH DATA ELEMENTS--GENERAL INFORMATION
fixed length control field 251015b |||||||| |||| 00| 0 eng d
020 ## - INTERNATIONAL STANDARD BOOK NUMBER
International Standard Book Number 0859545156
050 ## - LIBRARY OF CONGRESS CALL NUMBER
Classification number SB324
Item number .56 SCH
100 ## - MAIN ENTRY--PERSONAL NAME
Personal name SCHIPPERS R. R.
245 ## - TITLE STATEMENT
Title AFRICAN INDIGENOUS VEGETABLES;
Remainder of title AN OVERVIEW OF THE CULTIVATED SPECIES
260 ## - PUBLICATION, DISTRIBUTION, ETC.
Place of publication, distribution, etc. LONDON
Name of publisher, distributor, etc. NATURAL RESORURCES INSTITUTE
Date of publication, distribution, etc. c2000
300 ## - PHYSICAL DESCRIPTION
Extent vii, 214p
942 ## - ADDED ENTRY ELEMENTS (KOHA)
Source of classification or shelving scheme Library of Congress Classification
Koha item type Books
Suppress in OPAC No
999 ## -
-- 7796
-- 7796
Holdings
Withdrawn status Lost status Source of classification or shelving scheme Damaged status Not for loan Collection Home library Current library Shelving location Date acquired Total checkouts Full call number Barcode Date last seen Copy number Price effective from Koha item type
    Library of Congress Classification     Non-fiction Undergraduate Library (Christ Temple) Undergraduate Library (Christ Temple) General stacks 10/15/2025   SB324.56 SCH ulct00005145 10/15/2025 1 10/15/2025 Books
© 2023-2024 Copyright: Central University Libraries. All Rights Reserved | Created by: Mahone Tech Office